00231nam a2200097Ia 4500008004100000020001500041050002200056245001800078250001300096260002400109151021s9999 xx 000 0 und d a9966882073 aKD2079.3.o371994  a_Company Law  a2nd Ed.  aNairobi Focus 1994